| 000 | 01135nac a22003137a 4500 | ||
|---|---|---|---|
| 001 | BR7200474 | ||
| 003 | BR-BrBNA | ||
| 005 | 20240105113437.0 | ||
| 008 | 230509b bl.|||m| |||| 00| 0 por d | ||
| 040 |
_aBR-BrBNA _bpor _cBiblioteca Nacional de Agricultura |
||
| 072 | _aE70 | ||
| 090 | _a1300 BR7200474 | ||
| 110 | 1 |
_aSuperintendencia do Desenvolvimento do Nordeste, Fortaleza, CE (Brasil). Servico de Informacoes de Mercado _910129 |
|
| 245 | 1 |
_aRegistro de saida dos produtos horti-fruti-granjeiros e cereais da cidade de Fortaleza [Estatistica comercial; Mercado varejista; Ceara; Brasil] _bConvenio: SUDENE/SUDEC/UFC |
|
| 260 | 3 |
_aFortaleza, CE (Brasil): _c1972. |
|
| 300 | _a26 p. | ||
| 490 |
_aServico de Informacoes de Mercado - Superintendencia do Desenvolvimento do Nordeste (Brazil) _v _x |
||
| 500 | _aNumerical data | ||
| 650 | _aComercializacao | ||
| 650 | _aHortalica | ||
| 650 | _aFruta | ||
| 650 | _aCereal | ||
| 650 | _aEstatistica comercial | ||
| 650 | _aMercado varejista | ||
| 650 | _aFortaleza | ||
| 650 | _aCeara | ||
| 909 |
_a202312 _bLúcia Elande _c55 _dLúcia Elande |
||
| 942 |
_2AGRIS _n0 _cMS |
||
| 999 |
_c263752 _d263752 |
||